000
002960000a22001330004500
005
20120302054435.0
942
_c
BOOK
245
_a
Bharat Varsha (Maasike)
260
_a
Pune:Da.Ba.Paarasnis,1899.
040
_a
MAR
650
_a
Sankirna
650
_a
Maasike
650
_a
Bharatvarsha-Maasik
999
_c
345633
_d
345630